00365nam a2200157Ia 45000010006000000050017000060080041000230410008000640820016000721000023000882450043001112600009001543000028001636500008001916540008001991783720260306171546.0260306s9999||||xx |||||||||||||| ||und|| aESP a658.3bA43E aAlles, MarthaeAUT 0aRol del jefe:bcómo ser un buen jefe c2008 a288 páginas :c23 cm. aGEN aCAN